00880 a2200217 4500003000500000005001700005040000900022082001200031100002900043245005900072260003100131300001700162505019000179538003000369650001400399651001200413942000800425999001900433952010500452952010500557Nust20170207153220.0 cNust a621.382 aNasir, Sarwat (MSEE-10) aSpeaker recognition using filter bankscSarwat Nasir  bMCS,NUSTc2007aRawalpindi aviii,5,9 p.; aIntroduction (page-1) Acoustic phonetics and speech segmentation (page-5), Auditory phonetics (page-17), System development (page-23) Results and analysis (page-33)Conclusion (page-53). aAlmirah No 69 Shelf No 1  aMS Thesis aMSEE-10 cTHS c181750d181750 00102ddc40708NFICaMCSbMCSd2016-12-12l0o621.382 NASpMCSTEE-44r2016-12-08w2016-12-12yBK 00102ddc40708NFICaMCSbMCSd2016-12-12l0o621.382 NASpMCSTEE-85r2016-12-08w2016-12-12yBK